000 00635nam a2200229Ia 4500
003 OSt
005 20220923230618.0
006 a|||||r|||| 00| 0
007 ta
008 Pun
024 _a284,222
037 _cTextual
040 _aARTS
_cARTS
_bPun
041 _2Pun
_aPun
082 _aQ8441:21, 153L6.1
100 _aਸਿੰਘ, ਗੁਰਦਿਤ, ਥਦ.
245 0 _aਗੁਰੂ ਗ੍ਰੰਥ ਵਿਚਾਰ ਸੰਮੇਲਨ ਅੰਕ
260 _c1976
650 _aਧਰਮ
942 _hQ8441:21, 153L6.1
_cTEXL
_2CC
999 _c386037
_d386037